Представление документа в формате MARC21

Поле Инд. ПП Название Значение
Тип записи a
Библиографический уровень m
001 Контрольный номер RU/IS/BASE/386758082
005 Дата корректировки 20180409143414.0
040 a Служба первич. каталог. НБ ТвГУ
b Код языка каталог. rus
e Правила каталог. PSBO
041 0_ a Код языка текста rus
080 a Индекс УДК 811.111'01'373(043.3)
084 a Индекс другой классификации/Индекс ББК Ш143.21-03я031
084 a Индекс другой классификации/Индекс ББК Ш143.21-7я031
090 a Полочн. индекс Ш143.21
x Авторский знак Т 81
100 1_ a Автор Тукалевская Наталья Юрьевна
q Полное имя Тукалевская Н. Ю.
245 10 a Заглавие Культурная адаптация в англосаксонских текстах: жанрово-стилистические и лексические аспекты
b Продолж. заглавия автореф. дис. ... к.ф.н. : 10.02.04
c Ответственность ФГБОУ ВПО "Твер. гос. ун-т"
260 a Место издания Тверь
b Издательство Тверской государственный университет
c Дата издания 2011
300 a Объем 23 с.
500 a Примечание На правах рукоп.
504 a Библиография Библиогр. в конце кн. (5 назв.)
653 a Ключевые слова 5-15 вв.
a Ключевые слова Авторефераты
a Ключевые слова Английский язык
a Ключевые слова Англосаксонский язык
a Ключевые слова Древнеанглийский язык
a Ключевые слова Историческая лексикология английского языка
a Ключевые слова История английского языка
a Ключевые слова Лексикология английского языка
a Ключевые слова Лексическая адаптация
a Ключевые слова Стилистика английского языка
a Ключевые слова Языкознание
710 a Организация/ юрисдикция Тверской государственный университет
856 u URL http://eprints.tversu.ru/1723/
x Примечание для ЭОР Реестр суммарного учета сетевых локальных документов
901 t Тип документа m
920 a Оператор Густ
930 a Новая/Ретро авторефераты
952 c Вид литературы А/Р н
954 a Дата поступления на обработку 20120406